| 000 | 00497nam a22001697a 4500 | ||
|---|---|---|---|
| 003 | BD-DhUL | ||
| 005 | 20210829104444.0 | ||
| 008 | 180910s1323 ii ||||| |||| 00| 0 urd d | ||
| 040 |
_aBD-DhUL _cBD-DhUL |
||
| 082 |
_a891.431 _bKHM |
||
| 100 | 1 | _aخلیل، شیخ محمد | |
| 245 | 1 |
_aمرثیہ خلیل / _cشیخ محمد خلیل |
|
| 260 |
_aلکھنو : _bمطبع نامی منشی، _c۔۱۳۲۳ |
||
| 300 |
_aص۔ ۲۰۷ ؛ _c۲۸ سم۔ |
||
| 650 | 4 | _aUrdu poetry | |
| 942 |
_2ddc _cBK |
||
| 999 |
_c243385 _d243385 |
||